Security export controls : a guide to business executives.
| Format: | Book |
|---|---|
| Published: |
Tokyo:
CISTEC,
[199-].
|
| Subjects: |
| LEADER | 00411cam a2200145 7i4500 | ||
|---|---|---|---|
| 001 | 0000005439 | ||
| 005 | 19991025090000.0 | ||
| 002 | ##000007072 | ||
| 020 | 0 | 0 | |a T000005555 |
| 090 | 0 | 0 | |a I 382.64 |b SEC |
| 245 | 0 | 0 | |a Security export controls : |b a guide to business executives. |
| 260 | 0 | 0 | |a Tokyo: |b CISTEC, |c [199-]. |
| 300 | 0 | 0 | |a 43 p.. |
| 650 | 0 | 0 | |a Export controls |
| 999 | |a 0000008400 |b Book |c Open shelf |e Business Information Centre | ||